[Event "Spakenburg FishPartners op"]
[Site "Spakenburg"]
[Date "2023.07.08"]
[Round "2"]
[White "Reichardt, Jasper"]
[Black "Berelowitsch, Alexander"]
[Result "0-1"]
[WhiteElo "2014"]
[BlackElo "2492"]
[PlyCount "98"]
[EventDate "2023.07.08"]
[EventType "swiss (rapid)"]
[EventRounds "7"]
[EventCountry "NED"]
[SourceTitle "CBM 215 Extra"]
[Source "ChessBase"]
[SourceDate "2023.09.30"]
[SourceVersion "1"]
[SourceVersionDate "2023.09.30"]
[SourceQuality "1"]

1. d4 d5 2. c4 e6 3. Nc3 c5 4. cxd5 exd5 5. Nf3 Nc6 6. g3 Nf6 7. Bg2 cxd4 8. Nxd4 Bc5 9. e3 0-0 10. 0-0 Bb6 11. a3 Re8 12. Nxc6 bxc6 13. b4 Bg4 14. Qa4 Qd7 15. Bb2 Rac8 16. Rac1 Qf5 17. b5 d4 18. exd4 Bf3 19. bxc6 Rxc6 20. d5 Rcc8 21. d6 Rcd8 22. Nb5 Bxg2 23. Kxg2 Re2 24. Bd4 Ng4 25. Bxb6 axb6 26. Qd4 Ne3+ 27. Kg1 Qf3 28. Qxe3 Rxe3 29. fxe3 Qxe3+ 30. Kh1 h5 31. Rfd1 h4 32. gxh4 Qf3+ 33. Kg1 Qg4+ 34. Kh1 Qxh4 35. d7 Qe4+ 36. Kg1 Qe3+ 37. Kh1 Qf3+ 38. Kg1 Qg4+ 39. Kh1 Qa4 40. Nc3 Qc6+ 41. Kg1 Rxd7 42. Rxd7 Qxd7 43. Rd1 Qc6 44. Ne2 Qc5+ 45. Kf1 Qxa3 46. Rd8+ Kh7 47. Rb8 Qe3 48. Rb7 Qf3+ 49. Ke1 Qxb7 0-1

[Event "EU-Cup 36th"]
[Site "Struga"]
[Date "2021.09.24"]
[Round "7.5"]
[White "Perkampus, Laurin"]
[Black "Reichardt, Jasper"]
[Result "1-0"]
[WhiteElo "2010"]
[BlackElo "1977"]
[PlyCount "101"]
[EventDate "2021.09.18"]
[EventType "team-swiss"]
[EventRounds "7"]
[EventCountry "MKD"]
[SourceTitle "CBM 204 Extra"]
[Source "ChessBase"]
[SourceDate "2021.11.30"]
[SourceVersion "1"]
[SourceVersionDate "2021.11.30"]
[SourceQuality "1"]
[WhiteTeam "Zuid Limburg"]
[BlackTeam "En Passant"]
[WhiteTeamCountry "NED"]
[BlackTeamCountry "NED"]

1. d4 Nf6 2. c4 c5 3. d5 b5 4. Qc2 bxc4 5. e4 d6 6. Bxc4 g6 7. Nf3 Bg7 8. h3 0-0 9. 0-0 Ba6 10. Nfd2 Nfd7 11. Nc3 Qb6 12. b3 Ne5 13. Rb1 Nbd7 14. Bb2 Nxc4 15. Nxc4 Bxc4 16. bxc4 Qa5 17. f4 Rab8 18. Ba1 Rb4 19. Nb5 Rxb1 20. Rxb1 Bxa1 21. Rxa1 Rb8 22. Rb1 Rb7 23. Kh2 a6 24. Nc3 Rxb1 25. Nxb1 Nb6 26. Nd2 Qb4 27. e5 Kf8 28. Qd3 Qb2 29. exd6 exd6 30. Ne4 Qd4 31. Qxd4 cxd4 32. Nd2 Ke7 33. Kg3 Na4 34. Kf3 Nc3 35. a3 f5 36. Nb3 Nb1 37. a4 Nc3 38. a5 Ne4 39. g4 Kf6 40. gxf5 gxf5 41. Ke2 d3+ 42. Kxd3 Nf2+ 43. Ke3 Nd1+ 44. Kd4 Nf2 45. h4 h5 46. c5 dxc5+ 47. Nxc5 Nh3 48. Ke3 Ke7 49. Nxa6 Kd6 50. Nb4 Kc5 51. a6 1-0

[Event "EU-Cup 36th"]
[Site "Struga"]
[Date "2021.09.21"]
[Round "4.5"]
[White "Jashari, Ardian"]
[Black "Reichardt, Jasper"]
[Result "1/2-1/2"]
[WhiteElo "2109"]
[BlackElo "1977"]
[PlyCount "81"]
[EventDate "2021.09.18"]
[EventType "team-swiss"]
[EventRounds "7"]
[EventCountry "MKD"]
[SourceTitle "CBM 204 Extra"]
[Source "ChessBase"]
[SourceDate "2021.11.30"]
[SourceVersion "1"]
[SourceVersionDate "2021.11.30"]
[SourceQuality "1"]
[WhiteTeam "Dardania"]
[BlackTeam "En Passant"]
[WhiteTeamCountry "KOS"]
[BlackTeamCountry "NED"]

1. e4 c5 2. Nf3 Nc6 3. d4 cxd4 4. Nxd4 Nf6 5. Nc3 e5 6. Ndb5 h6 7. Nd6+ Bxd6 8. Qxd6 Qe7 9. Qxe7+ Kxe7 10. b3 d6 11. Ba3 a6 12. 0-0-0 Rd8 13. f3 Be6 14. Nd5+ Bxd5 15. exd5 Nb8 16. g3 Nbd7 17. Bh3 Ne8 18. Rhe1 f6 19. f4 Nc7 20. Rd3 b5 21. c4 a5 22. Bxd7 Kxd7 23. fxe5 fxe5 24. c5 b4 25. c6+ Ke7 26. Bb2 Nb5 27. Bd4 Rf8 28. Rd2 Rf3 29. Be3 a4 30. Rd3 Rf7 31. Kb2 Ra6 32. bxa4 Rxa4 33. Rb3 Nc3 34. Rxc3 bxc3+ 35. Kxc3 Rf3 36. Kd3 e4+ 37. Kc3 Rf5 38. Bd4 Rf3+ 39. Be3 Rf5 40. Bd4 Rf3+ 41. Be3 1/2-1/2

[Event "Vlissingen HZ op 19th"]
[Site "Vlissingen"]
[Date "2015.08.02"]
[Round "2"]
[White "Reichardt, Jasper"]
[Black "Verduyn, Frederic"]
[Result "0-1"]
[WhiteElo "1951"]
[BlackElo "2199"]
[PlyCount "66"]
[EventDate "2015.08.01"]
[EventType "swiss"]
[EventRounds "9"]
[EventCountry "NED"]
[SourceTitle "CBM 167 Extra"]
[Source "ChessBase"]
[SourceDate "2015.09.14"]
[SourceVersion "1"]
[SourceVersionDate "2015.09.14"]
[SourceQuality "1"]

1. c4 d6 2. Nc3 e5 3. g3 f5 4. Bg2 c6 5. d3 Nf6 6. e4 Be7 7. Nge2 0-0 8. 0-0 a5 9. a3 Na6 10. b4 fxe4 11. Nxe4 Nxe4 12. dxe4 Be6 13. b5 Nc5 14. bxc6 bxc6 15. Qc2 a4 16. Be3 Nb3 17. Rab1 Qa5 18. Nc1 Nd4 19. Bxd4 exd4 20. Nd3 Qc3 21. Rfc1 Bf6 22. f4 Bxc4 23. Qxc3 dxc3 24. Nb4 Bd4+ 25. Kh1 c5 26. Nc6 Bb3 27. e5 dxe5 28. Nxe5 Rad8 29. Bf1 Bxe5 30. fxe5 c2 31. Rxb3 Rxf1+ 32. Rxf1 axb3 33. e6 Re8 0-1